Wimbledon Premier League XIs - Statistics

General Stats
  • This quiz has been taken 104 times
  • The average score is 34 of 88
Answer Stats
Position Answer % Correct
MF Vinnie Jones
96%
MF Vinnie Jones
96%
MF Vinnie Jones
96%
MF Vinnie Jones
96%
MF Vinnie Jones
96%
MF Vinnie Jones
96%
GK Neil Sullivan
61%
GK Neil Sullivan
61%
GK Neil Sullivan
61%
GK Neil Sullivan
61%
ST John Fashanu
57%
ST John Fashanu
57%
ST Efan Ekoku
54%
ST Efan Ekoku
54%
ST Efan Ekoku
54%
ST Jason Euell
50%
ST Jason Euell
50%
ST Jason Euell
50%
ST Dean Holdsworth
49%
ST Dean Holdsworth
49%
ST Dean Holdsworth
49%
ST Dean Holdsworth
49%
MF Marcus Gayle
49%
MF Marcus Gayle
49%
ST Marcus Gayle
49%
ST Marcus Gayle
49%
ST Marcus Gayle
49%
ST Marcus Gayle
49%
GK Hans Segers
47%
GK Hans Segers
47%
GK Hans Segers
47%
MF Robbie Earle
46%
MF Robbie Earle
46%
MF Robbie Earle
46%
MF Robbie Earle
46%
MF Robbie Earle
46%
MF Robbie Earle
46%
MF Robbie Earle
46%
DF John Scales
40%
DF John Scales
40%
DF Warren Barton
40%
DF Warren Barton
40%
DF Warren Barton
40%
MF Michael Hughes
38%
MF Michael Hughes
38%
DF Ben Thatcher
35%
DF Ben Thatcher
35%
DF Ben Thatcher
35%
ST Carl Cort
32%
DF Chris Perry
31%
DF Chris Perry
31%
DF Chris Perry
31%
DF Chris Perry
31%
MF Lawrie Sanchez
29%
MF Lawrie Sanchez
29%
MF Øyvind Leonhardsen
29%
MF Øyvind Leonhardsen
29%
MF Øyvind Leonhardsen
29%
DF Kenny Cunningham
28%
DF Kenny Cunningham
28%
DF Kenny Cunningham
28%
DF Kenny Cunningham
28%
DF Kenny Cunningham
28%
MF Peter Fear
26%
MF Andy Roberts
25%
MF Andy Roberts
25%
MF Neal Ardley
24%
MF Neal Ardley
24%
MF Neal Ardley
24%
MF Trond Andersen
19%
DF Alan Kimble
18%
DF Alan Kimble
18%
DF Alan Kimble
18%
DF Alan Kimble
18%
DF Alan Kimble
18%
DF Alan Kimble
18%
DF Dean Blackwell
15%
DF Dean Blackwell
15%
DF Dean Blackwell
15%
DF Hermann Hreiðarsson
15%
GK Paul Heald
15%
DF Gary Elkins
13%
DF Gary Elkins
13%
DF Scott Fitzgerald
8%
DF Alan Reeves
7%
DF Alan Reeves
7%
DF Brian McAllister
7%
DF Roger Joseph
7%
No matching quizzes found
Score Distribution
Percent of People with Each Score
Percentile by Number Answered
Your Score History
You have not taken this quiz